Open Data Biblioteca Nacional de Portugal


República Portuguesa: Ministério da Cultura
Biblioteca Nacional de Portugal

Catálogo da BNP: acesso por Identificadores Unívocos
Registos Bibliográficos associados ao registo de autoridade

Etiqueta de registo: 00254nam 2200025 450
001 2284473
003 http://id.bnportugal.gov.pt/bib/catbnp/2284473
010 ## $a978-989-36593-0-4
021 ## $aPT$b556634/25
100 ## $a20260415d2025 d y0pory01030103ba
101 0# $apor
102 ## $aPT
105 ## $aa z 000fy
106 ## $ar
200 1# $aÀ escuta do oceano$fCristina Robalo$gil. Fátima Moreno
205 ## $a1ª ed
210 #9 $a[S.l.]$cContemporânea,$d2025
215 ## $a[48] p.$cil.$d29 cm
675 ## $a087.5$vBN$zpor$3287999
675 ## $a821.134.3-93"20"$vBN$zpor$31046482
700 #1 $aRobalo,$bCristina,$f1969-$31891302
701 #1 $aMoreno,$bFátima,$f1980-$4440$31994268
702 #1 $aMarçal,$bJoão,$f1980-$4100$31421062
801 #0 $aPT$bBN$gRPC
856 41 $uhttp://rnod.bnportugal.gov.pt/ImagesBN/winlibimg.aspx?skey=&doc=2284473&img=222587&save=true
900 ## $aBIBNAC$d20260601
966 ## $lBN$mFGMON$sP. 72775 V.$x1
966 ## $lBN$mFGMON$sP. 72775 V.-D$x1
971 ## $cssilva$d20260415
972 ## $e0$z0$d20260601$vasantos
973 ## $cigoulao$d20260522

Etiqueta de registo: 00254nam 2200025 450
001 2283247
003 http://id.bnportugal.gov.pt/bib/catbnp/2283247
010 ## $a978-989-9225-45-9
021 ## $aPT$b559531/26
100 ## $a20260330d2026 m y0pory01030103ba
101 1# $apor$cspa
102 ## $aPT
105 ## $aa z 000yd
106 ## $ar
200 1# $a A feliz e violenta vida de Maribel Ziga$fItziar Ziga$gtrad. Margarida Amado Acosta$gdes. Fátima Moreno
205 ## $a1ª ed
210 #9 $aLisboa$cOrfeu Negro,$d2026
215 ## $a157, [3] p.$cil.$d18 cm
304 ## $aTít. orig.: La feliz y violenta vida de Maribel Ziga
675 ## $a821.134.2-94"20"$vBN$zpor$31053832
675 ## $a343.6-055.2$vBN$zpor$31027814
700 #1 $aZiga,$bItziar, $f1974-$31994267
702 #1 $aAcosta,$bMargarida$4730$31310077
702 #1 $aMoreno,$bFátima,$f1980-$4440$31994268
801 #0 $aPT$bBN$gRPC
856 41 $uhttp://rnod.bnportugal.gov.pt/ImagesBN/winlibimg.aspx?skey=&doc=2283247&img=222568&save=true
900 ## $aBIBNAC$d20260605
966 ## $lBN$mFGMON$sL. 123951 P.$x1
966 ## $lBN$mFGMON$sL. 123951 P.-D$x1
971 ## $corlando$d20260330
972 ## $e0$z0$d20260605$vlrevez
973 ## $cigoulao$d20260522

OpendataBNP@bnportugal.pt | Mais informação sobre acesso aos dados BNP